| 000 | 00642nam a22002177a 4500 | ||
|---|---|---|---|
| 003 | BUBTL | ||
| 008 | 231120b ||||| |||| 00| 0 eng d | ||
| 041 | _aeng | ||
| 082 | _a340/ H26r/ 2010 | ||
| 100 |
_aHarun, M. A. _95589 |
||
| 245 |
_aRoots of Courts / _cM. A. Harun |
||
| 250 | _a1st ed. | ||
| 260 |
_aDhaka : _bSupreme Court of Bangladesh, _cc2010 |
||
| 300 |
_a238 p. : _c24 cm. |
||
| 505 | _aRoots of Courts, Synthesis of the courts, History of Court in Pak-India, History of Court of Bangladesh, Law | ||
| 526 | _aLaw | ||
| 650 | 0 |
_926 _aLaw |
|
| 856 |
_k0 _l0 _yDownload |
||
| 942 |
_2ddc _cBK |
||
| 999 |
_c7151 _d7151 |
||